| 000 | 004050000a22001930004500 | ||
|---|---|---|---|
| 005 | 20120302053508.0 | ||
| 942 | _cBOOK | ||
| 100 | _a Yogendra | ||
| 245 | _a Yoga essays | ||
| 260 | _aMumbai:Yoga Institute,1978 | ||
| 300 | _a188p | ||
| 040 | _aENG | ||
| 365 | _bRs.20.00 | ||
| 650 | _aLiterature | ||
| 650 | _aEnglish Literature | ||
| 650 | _aEssays | ||
| 650 | _aYoga | ||
| 650 | _aYoga Essays | ||
| 999 |
_c343027 _d343024 |
||